2022 Controversies - Statistics

General Stats
  • This quiz has been taken 113 times
  • The average score is 9 of 22
Answer Stats
Controversy Person % Correct
Invaded Ukraine Vladimir Putin
94%
Slapped Chris Rock at the Oscars Will Smith
91%
Johnny Depp won a defamation suit against her Amber Heard
81%
Made questionable business decisions after acquiring Twitter Elon Musk
80%
Said he wanted to go "death con 3" against Jews Kanye West
71%
Accidentally shot and killed someone on "Rust" movie set Alec Baldwin
68%
Arrested in Russia after smuggling marijuana into the country Brittney Griner
45%
Flew to Taiwan on behalf of the U.S. despite no formal relations Nancy Pelosi
39%
Involved in Partygate scandal during COVID-19 lockdown Boris Johnson
38%
Dissolved Disney autonomous zone in Florida Ron DeSantis
38%
Punched and knocked out Jordan Poole Draymond Green
34%
Claimed election was rigged after losing rerun for Brazilian presidency Jair Bolsonaro
33%
Admitting to faking resume after becoming a U.S. Representative George Santos
30%
Arrested for his involvement in the FTX collapse Sam Bankman-Fried
26%
Convicted of shooting Megan Thee Stallion Tory Lanez
24%
Promoted an antisemitic documentary Kyrie Irving
22%
Seen in old photo preventing black children from entering school Jerry Jones
19%
Banned from Balthazar's after alleged mistreatment of waiters James Corden
15%
Forced to sell Phoenix Suns after allegedly making racist remarks Robert Sarver
9%
Convicted of producing CP on top of numerous previous convictions R. Kelly
6%
Accused of cheating in chess tournament by Magnus Carlsen Hans Niemann
5%
Made Islamophobic statements against Muhammad Nupur Sharma
2%
No matching quizzes found
Score Distribution
Percent of People with Each Score
Percentile by Number Answered
Your Score History
You have not taken this quiz